000 00491nam a22001937a 4500
999 _c7517
_d7517
003 OSt
005 20211122162754.0
008 211122b ||||| |||| 00| 0 eng d
040 _cDDC
050 _a10/32617
082 _22ed
100 _aKim, Kenneth A;
_915384
245 _aCorporate Governance
_cKim, Kenneth A;
250 _a2nd.ed
260 _aAmerica
_bPearson Education Internation
_c2007
300 _axvii,164p;
_bill;
_c23cm
504 _aInclude Index
942 _2ddc
_cO_SHELF